Cities in former Yugoslavia with population over 50,000 - Statistics

General Stats
  • This quiz has been taken 192 times
  • The average score is 27 of 41
Answer Stats
Hint Answer Country % Correct
2. 790,017 Zagreb Croatia
98%
3. 546,824 Skopje North Macedonia
96%
5. 280,310 Ljubljana Slovenia
95%
4. 395,133 Sarajevo Bosnia and Herzegovina
95%
6. 277,522 Novi Sad Serbia
93%
10. 150,977 Podgorica Montenegro
93%
8. 178,102 Split Croatia
91%
1. 1,233,796 Beograd Serbia
89%
7. 187,544 Niš Serbia
89%
12. 138,963 Banja Luka Bosnia and Herzegovina
87%
15. 94,370 Maribor Slovenia
84%
13. 128,624 Rijeka Croatia
83%
31. 60,195 Mostar Bosnia and Herzegovina
82%
9. 161,751 Priština Serbia
80%
11. 150,835 Kragujevac Serbia
77%
18. 83,496 Osijek Croatia
77%
19. 80,570 Tuzla Bosnia and Herzegovina
76%
23. 71,471 Zadar Croatia
76%
14. 105,681 Subotica Serbia
75%
25. 70,553 Zenica Bosnia and Herzegovina
70%
36. 56,970 Nikšić Montenegro
64%
35. 57,460 Pula Croatia
61%
21. 74,550 Bitola North Macedonia
59%
24. 70,842 Kumanovo North Macedonia
59%
26. 66,527 Novi Pazar Serbia
59%
17. 85,119 Prizren Serbia
59%
20. 76,511 Zrenjanin Serbia
59%
22. 72,195 Cacak Serbia
56%
41. 52,915 Tetovo North Macedonia
54%
28. 64,175 Kraljevo Serbia
53%
30. 60,246 Leskovac Serbia
51%
29. 64,175 Smederevo Serbia
49%
34. 58,745 Kruševac Serbia
47%
16. 89,281 Pancevo Serbia
45%
33. 59,073 Valjevo Serbia
44%
32. 59,747 Užice Serbia
41%
37. 55,138 Vranje Serbia
41%
39. 53,919 Šabac Serbia
39%
40. 53,531 Slavonski Brod Croatia
38%
27. 66,246 Prilep North Macedonia
37%
38. 54,239 Gnjilane Serbia
11%
No matching quizzes found
Score Distribution
Percent of People with Each Score
Percentile by Number Answered
Your Score History
You have not taken this quiz